Art : (Record no. 17574)
[ view plain ]
| 000 -LEADER | |
|---|---|
| fixed length control field | 00741nam a22002537a 4500 |
| 003 - CONTROL NUMBER IDENTIFIER | |
| control field | OSt |
| 005 - DATE AND TIME OF LATEST TRANSACTION | |
| control field | 20150911074459.0 |
| 008 - FIXED-LENGTH DATA ELEMENTS--GENERAL INFORMATION | |
| fixed length control field | 130201t xxu||||| |||| 00| 0 eng d |
| 020 ## - INTERNATIONAL STANDARD BOOK NUMBER | |
| International Standard Book Number | 9711109336 |
| 050 ## - LIBRARY OF CONGRESS CALL NUMBER | |
| Classification number | NX 280 |
| Item number | .Or77 1976 |
| 082 ## - DEWEY DECIMAL CLASSIFICATION NUMBER | |
| Classification number | FIL 701 |
| 100 ## - MAIN ENTRY--PERSONAL NAME | |
| Personal name | Ortiz, Ma. Aurora. |
| 245 ## - TITLE STATEMENT | |
| Title | Art : |
| Statement of responsibility, etc | Ma. Aurora Ortiz, T. Erestan, A. Guillermo, M. Montano, S. A. Pilar. |
| Remainder of title | perception and appreciation / |
| 260 ## - PUBLICATION, DISTRIBUTION, ETC. (IMPRINT) | |
| Place of publication, distribution, etc | Manila : |
| Name of publisher, distributor, etc | University of the East, |
| Date of publication, distribution, etc | 1976. |
| 300 ## - PHYSICAL DESCRIPTION | |
| Extent | xii, 340 pages : |
| Dimensions | 25 cm. |
| Other physical details | illustrations ; |
| 500 ## - GENERAL NOTE | |
| General note | Includes bibliographical references and index. |
| 526 ## - STUDY PROGRAM INFORMATION NOTE | |
| Reading level | 1210L-1700L |
| 562 ## - COPY AND VERSION IDENTIFICATION NOTE | |
| Number of copies | 4 |
| 942 ## - ADDED ENTRY ELEMENTS (KOHA) | |
| Source of classification or shelving scheme | Library of Congress Classification |
| Koha item type | Books |
| Call number prefix | Filipininana |
| Withdrawn status | Lost status | Source of classification or shelving scheme | Damaged status | Home library | Current library | Shelving location | Date acquired | Source of acquisition | Total Checkouts | Full call number | Barcode | Date last seen | Copy number | Price effective from | Koha item type | Sub Shelving location | Total Renewals | Date checked out |
|---|---|---|---|---|---|---|---|---|---|---|---|---|---|---|---|---|---|---|
| Library of Congress Classification | Archives | Archives | 02/01/2013 | Donation | NX 280 .Or77 1976 | C7680 | 05/08/2018 | 1 | 02/01/2013 | Books | ||||||||
| Library of Congress Classification | Archives | Archives | 04/22/2013 | Donation | NX 280 .Or77 1976 | C7693 | 05/08/2018 | 2 | 04/22/2013 | Books | ||||||||
| Library of Congress Classification | Archives | Archives | 05/15/2013 | Donation | NX 280 .Or77 1976 | C2366 | 05/08/2018 | 4 | 05/15/2013 | Books | ||||||||
| Library of Congress Classification | College Library | College Library | Filipiniana Section | 04/22/2013 | NX 280 .Or77 1976 | c8328 | 05/08/2018 | 3 | 04/22/2013 | Books | ||||||||
| Library of Congress Classification | College Library | College Library | Filipiniana Section | 09/11/2015 | Donation | 1 | NX 280 .Or77 1976 | C19915 | 05/08/2018 | 09/11/2015 | Books | 5 | 01/29/2016 |